|
|
|
|
| LEADER |
00000nab a2200000ua 4500 |
| 001 |
vtls010834014 |
| 003 |
SK-MaSNL |
| 005 |
20260304030211.0 |
| 008 |
250310s xo |||||||||||||||||slo| |
| 035 |
|
|
|a (urnnbn)urn:nbn:sk:snk:ar-a06nke
|
| 035 |
|
|
|a urn:nbn:sk:snk-ab5yaz
|
| 035 |
|
|
|a (uuid)4ad12fa6-421e-453f-ae2f-6153727b534a
|
| 040 |
|
|
|a SNKBUCL
|b slo
|c SNKBUCL
|e AACR2
|
| 041 |
0 |
|
|a slo
|
| 044 |
|
|
|a xo
|c SK
|
| 100 |
1 |
|
|a Zlámalová, V.
|4 aut
|9 1116374
|
| 245 |
1 |
0 |
|a Vzdor dvojročných
|c V. Zlámalová
|
| 773 |
0 |
|
|t Revue medicíny v praxi : odborný zdravotnícky časopis
|g Roč. 4, č. 4 (2006-2007), s. 34
|
| 958 |
|
|
|a OND
|
| 958 |
|
|
|a EUIPO
|
| 958 |
|
|
|a article5
|
| 999 |
|
|
|c 2632449
|d 2634379
|